Člověk - prostředí - výchova k otázkám sociální pedagogiky

Salvato in:
Dettagli Bibliografici
Autore principale: Kraus, Blahoslav
Altri autori: Poláčková, Věra
Natura: Libro
Lingua:ceco
Pubblicazione: Brno Paido - edice pedagogické literatury 2001
Soggetti:
Tags: Aggiungi Tag
Nessun Tag, puoi essere il primo ad aggiungerne!!

MARC

LEADER 00000nam$a2200000$$$4500
001 0044996
005 20221129100836.0
020 |a 80-7315-004-2 
041 0 |a cze 
044 |a CZ 
245 1 0 |a Člověk - prostředí - výchova  |b k otázkám sociální pedagogiky  |c Blahoslav Kraus, Věra Poláčková et al. 
264 1 |a Brno  |b Paido - edice pedagogické literatury  |c 2001 
300 |a 199 s. 
610 2 0 |a pedagogika 
610 2 0 |a politika sociálna 
610 2 0 |a výchova 
610 2 0 |a socializácia 
610 2 0 |a médiá 
610 2 0 |a rodina 
610 2 0 |a zariadenia výchovné 
610 2 0 |a deti 
610 2 0 |a spoločnosť občianska 
610 2 0 |a vzdelávanie 
610 2 0 |a štýl životný 
610 2 0 |a čas voľný 
610 2 0 |a Česko 
100 1 |a Kraus, Blahoslav 
700 1 |a Poláčková, Věra